[Event "Barcelona Catalunya op 26th"]
[Site "Barcelona"]
[Date "2014.11.15"]
[Round "7"]
[White "Garcia Lopez, Nicolas"]
[Black "Kobelev, Daniil"]
[Result "0-1"]
[WhiteElo "2103"]
[BlackElo "1700"]
[PlyCount "98"]
[EventDate "2014.09.27"]
[EventType "swiss"]
[EventRounds "9"]
[EventCountry "ESP"]
[SourceTitle "EXT 2017"]
[Source "ChessBase"]
[SourceDate "2016.10.25"]
[SourceVersion "1"]
[SourceVersionDate "2016.10.25"]
[SourceQuality "1"]

1. d4 d5 2. Bg5 Nd7 3. f4 Ngf6 4. Nd2 e6 5. e3 Be7 6. Bd3 h6 7. Bh4 c5 8. c3 c4 9. Bc2 b5 10. a3 Bb7 11. Ngf3 Ne4 12. Bxe7 Qxe7 13. 0-0 f5 14. Ne5 Nxe5 15. Nxe4 dxe4 16. fxe5 0-0 17. Qe2 Qe8 18. a4 a6 19. Ra2 g5 20. Rfa1 Qg6 21. axb5 axb5 22. Ra7 Rxa7 23. Rxa7 Bd5 24. Bd1 f4 25. exf4 gxf4 26. Qg4 Qxg4 27. Bxg4 Rb8 28. g3 f3 29. Bh5 b4 30. Re7 bxc3 31. bxc3 e3 32. Re8+ Rxe8 33. Bxe8 Be4 34. Bh5 Kf8 35. Bg4 Ke7 36. h4 Kd8 37. Bh5 Kc7 38. Bg4 Kb6 39. Bh5 Ka5 40. d5 Bxd5 41. g4 Be4 42. g5 hxg5 43. hxg5 Ka4 44. g6 Bxg6 45. Bxg6 Kb3 46. Be4 f2+ 47. Kg2 Kxc3 48. Bd5 Kd2 49. Bxc4 e2 0-1

[Event "Barcelona Catalunya op 26th"]
[Site "Barcelona"]
[Date "2014.10.11"]
[Round "3"]
[White "Kobelev, Daniil"]
[Black "Garcia Miracle, Joan Josep"]
[Result "0-1"]
[WhiteElo "1700"]
[BlackElo "2145"]
[PlyCount "94"]
[EventDate "2014.09.27"]
[EventType "swiss"]
[EventRounds "9"]
[EventCountry "ESP"]
[SourceTitle "EXT 2017"]
[Source "ChessBase"]
[SourceDate "2016.10.25"]
[SourceVersion "1"]
[SourceVersionDate "2016.10.25"]
[SourceQuality "1"]

1. e4 c6 2. d4 d5 3. e5 c5 4. c3 Nc6 5. Nf3 Bg4 6. Bb5 Qb6 7. Bxc6+ bxc6 8. dxc5 Qxc5 9. 0-0 e6 10. Be3 Qa5 11. Nbd2 Nh6 12. Qb3 Qc7 13. Nd4 Bh5 14. Qa4 Rc8 15. h3 Be7 16. Bxh6 gxh6 17. N4f3 0-0 18. Qf4 Kg7 19. g4 Bg6 20. h4 Qd8 21. g5 hxg5 22. hxg5 Rg8 23. Kg2 Kf8 24. Rg1 Qb6 25. Nb3 Be4 26. Kf1 a5 27. Nfd4 c5 28. Qd2 cxd4 29. Nxd4 Qa6+ 30. Ke1 h6 31. f4 Qd3 32. Qf2 Bf5 33. Rd1 Qe4+ 34. Kd2 hxg5 35. Nxf5 Qxf5 36. Qb6 Qxf4+ 37. Kc2 Qe4+ 38. Kd2 Bc5 39. Qa6 Be3+ 40. Ke1 Bxg1+ 41. Kf1 Qf3+ 42. Kxg1 Qxd1+ 43. Kg2 Rc4 44. Qd6+ Kg7 45. Qe7 Qe2+ 46. Kh1 Rh8+ 47. Kg1 Rg4# 0-1